Catálogo
 En Linea

El camino de las palabras / (Registro nro. 22595)

Detalles MARC
000 -CABECERA
campo de control de longitud fija 00907nam a2200265 a 4500
001 - NÚMERO DE CONTROL
campo de control 000023098
005 - FECHA Y HORA DE LA ÚLTIMA TRANSACCIÓN
campo de control 20200930022003.0
008 - DATOS DE LONGITUD FIJA--INFORMACIÓN GENERAL
campo de control de longitud fija 101126s2001 sp r 000 | spa d
020 ## - NÚMERO INTERNACIONAL ESTÁNDAR DEL LIBRO
Número Internacional Estándar del Libro 8495231131
040 ## - FUENTE DE LA CATALOGACIÓN
Centro catalogador/agencia de origen DO-SdBNP
Lengua de catalogación spa
Centro/agencia transcriptor BNPHU
082 ## - NÚMERO DE LA CLASIFICACIÓN DECIMAL DEWEY
Número de clasificación xxx
Número de documento/Ítem C183p
049 ## - FONDOS LOCALES (OCLC)
Fondos de biblioteca BNGR
245 13 - MENCIÓN DE TÍTULO
Título El camino de las palabras /
Mención de responsabilidad, etc. Juan Diego Ayala Gallardo...[ et al].
260 ## - PUBLICACIÓN, DISTRIBUCIÓN, ETC.
Lugar de publicación, distribución, etc. Madrid :
Nombre del editor, distribuidor, etc. Instituto Pío Baroja,
Fecha de publicación, distribución, etc. 2001.
300 ## - DESCRIPCIÓN FÍSICA
Extensión 62 p. :
Otras características físicas il. ;
Dimensiones 19 cm.
500 ## - NOTA GENERAL
Nota general En la portada ACPO, Asociación Colegial de Poetas.
700 1# - PUNTO DE ACCESO ADICIONAL--NOMBRE DE PERSONA
Nombre de persona Ayala Gallardo, Juan Diego
9 (RLIN) 47555
700 1# - PUNTO DE ACCESO ADICIONAL--NOMBRE DE PERSONA
Nombre de persona Blanco Barrio, Rocío
9 (RLIN) 47556
700 1# - PUNTO DE ACCESO ADICIONAL--NOMBRE DE PERSONA
Nombre de persona Malale Ngonda, Víctor Manuel
9 (RLIN) 47557
700 1# - PUNTO DE ACCESO ADICIONAL--NOMBRE DE PERSONA
Nombre de persona Sorribes Rodríguez, Ma Isabel
9 (RLIN) 47558
700 1# - PUNTO DE ACCESO ADICIONAL--NOMBRE DE PERSONA
Nombre de persona García-Rama Pacheco, Conchi
9 (RLIN) 47559
700 1# - PUNTO DE ACCESO ADICIONAL--NOMBRE DE PERSONA
Nombre de persona Sánchez Pérez, Ma Sol
9 (RLIN) 47560
700 1# - PUNTO DE ACCESO ADICIONAL--NOMBRE DE PERSONA
Nombre de persona Martín, Salustiano
9 (RLIN) 47561
700 1# - PUNTO DE ACCESO ADICIONAL--NOMBRE DE PERSONA
Nombre de persona Martín, Teodoro Rubio
9 (RLIN) 47562
Existencias
Estado de retiro Estado de pérdida Restricciones de uso No para préstamo Código de colección Localización permanente Ubicación/localización actual Ubicación en estantería Fecha de adquisición Número de inventario Total de préstamos Signatura topográfica completa Código de barras Fecha visto por última vez Precio válido a partir de Tipo de ítem Koha
      Excluido de préstamo Monografías: Libros y Folletos General General En catalogación 26.11.2010 LF1   xxx C183p 23098-10 25.06.2020 25.06.2020 No se presta

Con tecnología Koha